000 004390000a22001690004500
003 MACL
005 20160109123127.0
008 160109b xxu||||| |||| 00| 0 eng d
040 _aMACL
_cMACL
041 _aEnglish
082 _a920.2/KAL
100 _aKalhan, Promilla
_925036
245 _aJag Jivan Ram and power politics
260 _bAllora Publications
_c1980
_aNew Delhi
650 _aBiography
_930278
942 _cBK
_k920/KAL
_2ddc
999 _c33744
_d33744